Wszyscy Polscy stali uczestnicy w historii cyklu GP! - Statystyki

Ogólne statystyki
  • Ten quiz został rozwiązany 396 razy
  • Średni wynik to 12 z 20
Statystyki odpowiedzi
Lata Zawodnik % Poprawnych
2016-2022 Bartosz Zmarzlik
97%
1995, 1997-2013 Tomasz Gollob
95%
2017-2020,2022 Patryk Dudek
94%
2015-2022 Maciej Janowski
93%
2004-2007, 2010-2016 Jarosław Hampel
87%
2008,2013-2015,2021 Krzysztof Kasprzak
83%
2011,2019 Janusz Kołodziej
80%
2016,2017 Piotr Pawlicki
79%
2022 Paweł Przedpełski
78%
1997,1998,2001,2003,2004,2006 Piotr Protasiewicz
75%
2007-2011 Rune Holta
60%
2002,2009 Grzegorz Walasek
55%
2007 Wiesław Jaguś
44%
1998,2002,2009 Sebastian Ułamek
41%
1997 Sławomir Drabik
39%
2000 Rafał Dobrucki
35%
2002,2003 Krzysztof Cegielski
30%
2003 Tomasz Bajerski
26%
1999 Robert Dados
23%
2005 Tomasz Chrzanowski
22%
Nie znaleziono quizów pasujących do podanych kryteriów
Rozkład punktacji
Procent ludzi z każdym wynikiem
Percentyl według liczby udzielonych odpowiedzi
Twoja historia wyników
Nie rozwiązałeś tego quizu